00848nam a2200253 i 45000010005000000030009000050050017000140080039000310150016000700400035000860410013001210800008001341000029001422450072001712460043002432600056002863000034003423800017003765040012003936500022004057000028004277100042004558560097004978052KOSZ 00520200630132817.0070831s1969 pl a f 001 0 pol aPB 1969/622 aWA NcKOSZ 005/RWdKOSZ 005/RW1 apolhrum a5471 aNenitescu, C. D.eAutor.10aChemia organiczna.nT. 2 /cC. D. Nenitescu ; tł. Henryk Kehiaian.1 iTyt. oryg.:aChimie organică,f1958. aWarszawa :bPaństwowe Wydawnictwo Naukowe,c1969. a1023, [1] s. :bil. ;c25 cm. aKsiążki. aIndeks. 4aChemia organiczna1 aKehiaian, Henryk.eTł.2 aPaństwowe Wydawnictwo Naukowe4pbl. uhttp://koha.tu.koszalin.pl/cgi-bin/koha/opac-detail.pl?biblionumber=8052yKatalog online BPK